Statistiques concernant Inazuma Eleven - Tous les capitaines

Cliquez ici pour prendre le quiz!

Statistiques générales

  • Ce quiz a été pris 792 fois
    (671 depuis la dernière actualisation)
  • Le résultat moyen est 34 sur 101

Statistiques - réponses

EquipeCapitaine% Correct
Inazuma Japon | Inazuma Japon Orion | Lambda | RaimonMark Evans
99%
Royal AcademyJude Sharp
95%
ZeusByron Love
76%
Chaos | ProminenceTorch
72%
GénésisXene
72%
Tempête des GémeauxJanus
71%
EpsilonDvalin
70%
Empereurs NoirsNathan Swift
66%
Nouvelle Royal AcademyCaleb Stonewall
60%
Littel GigantesHector Helio
56%
OrphéePaolo Biancchi
55%
Chrono Storm | El Dorado 2 | Néo Inazuma Japon | +3 othersArion Sherwind
54%
Diamond DustFox
53%
El Dorado 2 | Raimon GoRiccardo Di Rigo
53%
Knights of QueenEdgar Partinus
50%
Chevaliers Noirs | El Dorado 1Victor Blade
50%
Sky TeamSael
49%
Dark Sky | Dark TeamDestra
48%
Protocole Oméga 2.0Beta
47%
EmpereursThiago Torres
47%
Protocole OmégaAlpha
46%
CybertechThomas Feldt
44%
Equipe Zero | Lumière Eternelle | Rebellion JaponBailong
43%
Protocole Oméga 3.0Gamma
43%
Rois du FooballMac Robingo
43%
Kirkwood | Kirkwood ArèsMarvin Murdock
43%
Alpin | Alpin ArèsShawn Froste
43%
OgresBash Lancer
42%
Néo JaponDave Quagmire
41%
Ombre AncestraleTezcat
41%
Zan | Zanark DominationZanark Avalonic
39%
LicornesMark Kruger
36%
Zoolan TeamMinion
35%
UniverselSol Daystar
35%
Mary TImes MemorialHurley Kane
31%
FauxshoreDarren Lachance
30%
Services SecretsVictoria Vanguard
30%
Alliance du DragonQuentin Cinquedea
27%
OcculteJohan Tassman
26%
Royal Académy ArèsDavid Samford
25%
Age d'Or | Cloître SacréScott Banyan
23%
RagnaSiméon Ayp
22%
GhalFey Rune
21%
AliaHunter Foster
21%
Dragons de FeuChangsu Choi
20%
MiragesHarrold Houdini
20%
Lions du DésertBilal Kalil
18%
SeleneHeath Moore
17%
Kirkwood GoBay Laurel
16%
GhilMehr
16%
Royal Academy GoRex Remington
16%
Roses du DésespoirAster
15%
Mont OlympeCronus Fourseasons
15%
Baie des piratesDavy Jones
15%
Toreros RougesVictor Garcia
15%
ExcellenceAr Ecks
14%
Mers LunairesAlessandro il Grande
12%
Big WavesDolph Hensen
10%
Anima SanaNeil Turner
10%
Armada IxarOzrock Boldar
9%
Foi toute-puissanteInfinity Beyond
8%
OtakuLight Nobel
8%
ShurikenSail Bluesea
8%
Raimon ArèsSonny Wright
8%
PolarisAcker Reese
6%
SurdouésDave Inchy
5%
WildHugo Tallgeese
5%
Voie lactéeJimmy Kyrk
4%
Alpin GoWolfe Whyte
4%
Triple CSue Harthland
3%
TerriaTom Walters
3%
Onze de MagmaviaAoba Gyr
2%
UltramégatétraFrancis Tuffnot
2%
Onze de NaiadiPlink Powai
2%
Bande du Cerf BlancTaian Inaba
2%
Falam MediusArgo Burgess
1%
Big Waves GoCole LaRuze
1%
Loups d'OuzbékistanDilshod Sokurov
1%
Onze de SilicaK-aran Uogu
1%
Onze de FertiliaStag Kwatta
1%
Dragons de Feu GoLee Chung-Yun
0%
Tigres de ThaïlandeNapa Radamu
0%
Sabres du DésertSaid Ashraf
0%

Distribution des résultats

Percentile par nombre de réponses

% des personnes avec chaque résultat

Votre développement - résultats

Vous n’avez pas pris ce quiz depuis la dernière actualisation